| 000 | 00378nam a2200145Ia 4500 | ||
|---|---|---|---|
| 008 | 150201s2004 xx 000 0 und d | ||
| 082 |
_a617.632 _bF2004G |
||
| 100 | _aGEHRING,NIELD | ||
| 245 | _aFUNDAMENTALS OF PERIODONTAL INSTRUMENTS | ||
| 250 | _a5TH | ||
| 260 |
_bLIPPINCOTT PUBLICATION _aPHILADELPHIA _c2004 |
||
| 300 | _a1-640 | ||
| 650 | _aPERIODONTICS | ||
| 942 |
_2ddc _cBK |
||
| 999 |
_c3805 _d3805 |
||